| 000 | 00805nam a22002177a 4500 | ||
|---|---|---|---|
| 005 | 20111223095223.0 | ||
| 008 | 111223t xxu||||| |||| 00| 0 eng d | ||
| 010 | _aENG-104443 | ||
| 020 |
_a9788178331492 _c1475.00 |
||
| 035 | _aEN-87976 | ||
| 037 | _bDBAD/PUB | ||
| 040 |
_aDPL _bEng |
||
| 082 | _a633.72 | ||
| 100 |
_937371 _aPanda,H. |
||
| 245 | 0 | 0 |
_aThe complete book on cultivation and manufacture of tea / _b _cby H. Panda |
| 260 |
_aDelhi _bAsia Pacific Business Press _c2011 |
||
| 270 |
_a106-E, Kamla Nagar, _b Delhi _e110007 |
||
| 300 |
_aviii,584p. : _c22cm (pbk) _bill. |
||
| 942 |
_2ddc _cEN _mPAN _h633.72 |
||
| 999 |
_c59913 _d59913 |
||